000 00384cam a2200169ua 4500
001 731
008 131120n II |||gr||||Z||||||eng
040 _aMAIN
041 _aEnglish
082 _a823 DIC
100 _aDICKENS ,CHARLES.
245 _aDAVID COPPERFIELD (No.1)
260 _a[s.l]:
_bCOLLINS CLEAR TYPE PRESS
300 _c20CM.
653 _aEnglish fiction
942 _cBK
999 _c731
_d731